Odd or Even? - Statistics

General Stats
  • This quiz has been taken 80 times
  • The average score is 16 of 20
Answer Stats
Hint Explanation Answer % Correct
States in the USA 50 Even
92%
Rings on the Olympic Flag 5 Odd
92%
Playing cards in a standard deck 52 Even
90%
Goals in a hat trick 3 Odd
88%
Days in February in a Leap Year 29 Odd
86%
Items in a score 20 Even
81%
Hills of Ancient Rome 7 Odd
81%
Bones in the Human Body 206 Even
79%
Sides on a heptagon 7 Odd
78%
Cards in a flush in poker 5 Odd
78%
Disciples of Jesus Christ 12 Even
76%
Items in a Baker's Dozen 13 Odd
76%
Keys on a standard piano 88 Even
75%
Books in The Chronicles of Narnia series 7 Odd
75%
Horsemen of the Apocolypse 4 Even
74%
Final Apollo mission to launch 17 Odd
74%
Pillars of Islam 5 Odd
71%
Yards in a Mile 1760 Even
68%
Moons of Mars 2 Even
64%
Grand Slam tennis championships 4 Even
60%
No matching quizzes found
Score Distribution
Percent of People with Each Score
Percentile by Number Answered
Your Score History
You have not taken this quiz